Elements. (4), Přitažlivost mezi námi /
Další z volných pokračování milostných příběhů americké autorky.
Uloženo v:
| Série: | Elements,
část 4 |
|---|---|
| Hlavní autor: | |
| Další autoři: | |
| Médium: | E-kniha |
| Jazyk: | Czech |
| Vydáno: |
Praha :
Baronet,
2022
|
| Vydání: | Vydání první |
| Témata: | |
| Příbuzné jednotky: | Z cyklu::
Elements |
| Tagy: |
Žádné tagy |
| LEADER | 02556nam a2200469 i 4500 | ||
|---|---|---|---|
| 001 | 311761 | ||
| 003 | CZ PrSKC | ||
| 005 | 20260601215711.0 | ||
| 007 | ta | ||
| 008 | 221129s2022 xr g 000 f cze | ||
| 015 | |a cnb003474400 | ||
| 020 | |a 9788026919377 |q (vázáno) | ||
| 035 | |a (OCoLC)1369541591 | ||
| 040 | |a ABG001 |b cze |e rda | ||
| 041 | 1 | |a cze |h eng | |
| 072 | 7 | |a 821.111(73)-3 |x Americká próza |2 Konspekt | |
| 080 | |a 821.111(73)-31 |2 MRF | ||
| 080 | |a (0:82-312.5) |2 MRF | ||
| 100 | 1 | |a Cherry, Brittainy C. |7 xx0260451 |4 aut | |
| 240 | 1 | 0 | |a Gravity of us. |l Česky |
| 245 | 1 | 0 | |a Elements. |n (4), |p Přitažlivost mezi námi / |c Brittainy C. Cherry ; přeložila: Ivana Dresia |
| 246 | 3 | 0 | |a Přitažlivost mezi námi |
| 250 | |a Vydání první | ||
| 264 | 1 | |a Praha : |b Baronet, |c 2022 | |
| 300 | |a 311 stran ; |c 21 cm | ||
| 336 | |a text |b txt |2 rdacontent | ||
| 337 | |a bez média |b n |2 rdamedia | ||
| 338 | |a svazek |b nc |2 rdacarrier | ||
| 500 | |a Přeloženo z angličtiny | ||
| 520 | 2 | |a Další z volných pokračování milostných příběhů americké autorky. |b S Grahamem Russellem jsme nebyli stvořeni jeden pro druhého. Můj život řídily emoce, zatímco on byl apatický. Já jsem měla hlavu plnou snů, zatímco on žil v nočních můrách. Brečela jsem, zatímco jeho slzy dávno vyschly. Navzdory jeho ledovému srdci a skutečnosti, že jsem měla tendence utíkat, jsme spolu někdy trávili čas. Čas, kdy se naše oči spojily, a my jsme spatřili tajemství toho druhého. Čas, kdy jeho rty ochutnaly můj strach a já vdechovala jeho bolest. Čas, kdy jsme si oba představovali, jaké by to bylo milovat se navzájem. V těch vteřinách jsme se oba vznášeli, ale když nás jednoho dne srazila tvrdá realita, gravitace nás donutila klesnout. Nakladatelská anotace. Kráceno. | |
| 546 | |a Český text | ||
| 655 | 7 | |a americké romány |7 fd131796 |2 czenas | |
| 655 | 7 | |a milostné romány |7 fd132840 |2 czenas | |
| 655 | 9 | |a American fiction |2 eczenas | |
| 655 | 9 | |a love novels |2 eczenas | |
| 700 | 1 | |a Dresia, Ivana |7 xx0235996 |4 trl | |
| 787 | 0 | 8 | |i Z cyklu: |t Elements |g 4 |
| 900 | |a ABA001 |b 20 | ||
| 044 | |a xr | ||
| 910 | |a RBIT002 | ||
| 998 | |d 364378 |a https://core.palmknihy.cz/api/books/364378/cover?sgy908 |b https://core.palmknihy.cz/api/books/364378/cover/400?sgy908 |c https://core.palmknihy.cz/api/books/364378/cover/50?sgy908 |e 2026-06-17 |g 312 |i 9788026919377 |j https://core.palmknihy.cz/api/books/364378/preview.epub |l |q 49 |r 1 |s https://www.palmknihy.cz/kniha/364378 |t ebook |y 2022 |z 0 |v Elements |w 4 | ||
| 999 | |d 311759 | ||